| 000 | 00904nam a2200217 a 4500 | ||
|---|---|---|---|
| 008 | 951213s1977||||CS 0 slo c | ||
| 020 |
_c150 Kčs. _q(60000 výtl.) |
||
| 040 |
_aSNK _bslo _cSNK _eAACR2 |
||
| 080 | _a908.437.6(031) | ||
| 080 | _a030.1 | ||
| 080 | _a908.437.6 | ||
| 245 | 1 | 0 |
_aEncyklopédia Slovenska I.zväzok A-D _bSúhrn poznatkov o minulosti a prítomnosti Slovenska ; Milan Veselý |
| 250 | _a1., vyd. | ||
| 260 |
_aBratislava _bVeda _c1977 _eBratislava _fSvornosť |
||
| 300 |
_a719 s., 159,87 AH _bTb. Fareb. a čiernobiele fot. Mp. Diagr. Ilustr. _c27 cm |
||
| 500 | _aLit. 29. Faksim. rkp. Opr. Vysvetl. Zozn. skr. Reg. obcí mimo ČSSR. Fareb. príl. a prebal vytl. Polygrafické závody, Bratislava. 29 zázn. lit. o knihách, novinách, čas. a čl. v jaz. slov., čes., maď. a poľ. | ||
| 700 | 1 |
_aVeselý, Milan _4gup |
|
| 044 |
_axo _cSK |
||
| 041 | _aslo | ||
| 958 | _aA | ||
| 999 |
_c19264 _d19264 |
||